English knowhow (Student book 1)

Uloženo v:
Podrobná bibliografie
Hlavní autor: Therese Naber
Médium: Kniha
Jazyk:Undetermined
Vydáno: Oxford, NY Oxford Uuniv. Press 2003
Témata:
Tagy: Přidat tag
Žádné tagy, Buďte první, kdo otaguje tento záznam!
Thư viện lưu trữ: Trung tâm Học liệu Trường Đại học Cần Thơ
LEADER 00567nam a2200205Ia 4500
001 CTU_57457
008 210402s9999 xx 000 0 und d
020 |b 170000 
082 |a 428.4 
082 |b E58/T1 
100 |a Therese Naber 
245 0 |a English knowhow (Student book 1) 
245 0 |c Therese Naber and Angela Blackwell 
260 |a Oxford, NY 
260 |b Oxford Uuniv. Press 
260 |c 2003 
650 |a english language 
650 |x textbooks for foreign speakers 
904 |i Minh 
980 |a Trung tâm Học liệu Trường Đại học Cần Thơ